Stratford-on-Avon (Record no. 6801)

MARC details
000 -CABECERA
campo de control de longitud fija 01003nam a2200265 a 4500
001 - NÚMERO DE CONTROL
campo de control BRCA_7120
005 - FECHA Y HORA DE LA ÚLTIMA TRANSACCIÓN
campo de control 20190320205723.0
008 - DATOS DE LONGITUD FIJA--INFORMACIÓN GENERAL
campo de control de longitud fija 301211s1890----enkabb####---#000-0#eng-#
041 ## - CÓDIGO DE LENGUA
Código de lengua del texto/banda sonora o título independiente eng
044 ## - CÓDIGO DEL PAÍS DE LA ENTIDAD EDITORA/PRODUCTORA
Código MARC del país enk
050 #4 - SIGNATURA TOPOGRÁFICA DE LA BIBLIOTECA DEL CONGRESO
Número de clasificación PR2916
Número de documento/Ítem .L3 1890
100 1# - ENTRADA PRINCIPAL--NOMBRE DE PERSONA
Nombre de persona Lee, Sidney
Títulos y otros términos asociados al nombre Sir
Fechas asociadas al nombre 1859-1926
9 (RLIN) 17696
245 10 - MENCIÓN DE TÍTULO
Título Stratford-on-Avon
Resto del título from the earliest times to the death of Shakespeare
Mención de responsabilidad, etc. by Sidney Lee wiyh forty-five illustrations by Edward Hull
260 ## - PUBLICACIÓN, DISTRIBUCIÓN, ETC.
Lugar de publicación, distribución, etc. Londres : Nueva York
Nombre del editor, distribuidor, etc. Seeley and Co. Limited, Essex Strett : Macmillan & Co.
Fecha de publicación, distribución, etc. 1890
300 ## - DESCRIPCIÓN FÍSICA
Extensión viii, 304 p.
Otras características físicas il., 1 mapa
Dimensiones 19 cm.
500 ## - NOTA GENERAL
Nota general Edición con cantos dorados
500 ## - NOTA GENERAL
Nota general Ex libris de: William Hartmann Woodin
500 ## - NOTA GENERAL
Nota general O150
600 14 - PUNTO DE ACCESO ADICIONAL DE MATERIA--NOMBRE DE PERSONA
Nombre de persona Shakespeare, William
Fechas asociadas al nombre 1564-1616
Subdivisión general Casas y lugares
Subdivisión geográfica Inglaterra
9 (RLIN) 17697
650 14 - PUNTO DE ACCESO ADICIONAL DE MATERIA--TÉRMINO DE MATERIA
Término de materia o nombre geográfico como elemento de entrada Dramaturgos ingleses
Subdivisión general Casas y lugares
Subdivisión geográfica Inglaterra
9 (RLIN) 17698
651 #4 - PUNTO DE ACCESO ADICIONAL DE MATERIA--NOMBRE GEOGRÁFICO
Nombre geográfico Stratford-upon-Avon (Inglaterra)
Subdivisión general Historia
9 (RLIN) 17699
700 1# - PUNTO DE ACCESO ADICIONAL--NOMBRE DE PERSONA
Nombre de persona Hull, Edward
Término indicativo de función/relación il.
9 (RLIN) 17700
902 ## - CATALOGADOR
Iniciales GFM
942 ## - ELEMENTOS DE PUNTO DE ACCESO ADICIONAL (KOHA)
Fuente del sistema de clasificación o colocación Library of Congress Classification
Tipo de ítem Koha Libros
Holdings
Estado de retiro Estado de pérdida Estado dañado No para préstamo Localización permanente Ubicación/localización actual Fecha de adquisición Número de inventario Total de préstamos Signatura topográfica completa Código de barras Fecha visto por última vez Precio válido a partir de Tipo de ítem Koha
El ejemplar forma parte de la colección y puede ser consultado según las políticas vigentes.       Biblioteca del Museo Franz Mayer (Rogerio Casas-Alatriste) Biblioteca del Museo Franz Mayer (Rogerio Casas-Alatriste) 30/12/2011 O150   PR2916 .L3 1890 (O150) 7567 22/03/2019 22/03/2019 Libros